| 000 | 01034nam a22002537a 4500 | ||
|---|---|---|---|
| 005 | 20170124102937.0 | ||
| 010 | _aA-497917 | ||
| 020 | _c70.00 | ||
| 035 | _aA-497917 | ||
| 037 | _bCen Lib/Ret | ||
| 040 |
_aDPL _bHN |
||
| 082 |
_a827 _bदीक्षित |
||
| 100 |
_aदीक्षित, संतोष _946971 |
||
| 245 |
_aखादी में खटमल / _cसंतोष दीक्षित |
||
| 246 |
_aKhaadi me khatmal / _bby Santosh Dikshit |
||
| 260 |
_aनई दिल्ली _bसीमान्त प्रकाशन _c1991 |
||
| 270 |
_a922, कूचा रूहेला, तिराहा बहराम _bनई दिल्ली _e110002 |
||
| 300 |
_a124पृ. _c20सेमी (सजिल्द) |
||
| 650 |
_aहिन्दी -- साहित्य _946972 |
||
| 650 |
_aहिन्दी -- कहानी _9779 |
||
| 650 |
_aHindi - literature _946973 |
||
| 650 |
_aHindi - Story _943117 |
||
| 942 |
_2ddc _cHN _h827 _mदीक्षित |
||
| 999 |
_c112339 _d112339 |
||